000 01268nam a22004330a 4500
001 PT60163
003 AR-LpoUNG
005 20260120155127.0
008 201001s2017||||ag |||||||||||||||||spa d
020 _a9789876302692
_c$2
040 _aAR-LpoUNG
_bspa
_eaacr
041 _aspa
044 _aag
082 0 _a388.04 684via
100 1 _aSoldano, Daniela
_ecomp.
245 1 0 _aViajeros del conurbano bonaerense :
_buna investigación sobre las experiencias de movilidad en la periferia
250 _a1ra. ed.
260 _aLos Polvorines :
_bUniversidad Nacional de General Sarmiento,
_c2017.
300 _a221 p. :
_bil., fot., tbls., mapas
490 0 _aCuestiones metropolitanas ;
_vno.24
650 4 _aARGENTINA
650 4 _aBARRIOS
650 4 _aCIUDADES
650 4 _aCLASE MEDIA
650 4 _aESTRUCTURA URBANA
650 4 _aFACTORES CULTURALES
650 4 _aMEDIO URBANO
650 4 _aSOCIOLOGIA URBANA
650 4 _aTRANSPORTE URBANO
650 4 _aURBANISMO
650 4 _aVIVIENDA
653 0 _aAREAS SUBURBANAS
653 0 _aCONURBANO BONAERENSE
653 0 _aMOVILIDAD URBANA
653 0 _aRMBA
856 4 0 _uhttps://repositorio.ungs.edu.ar/handle/UNGS/331
_yTexto completo
905 _a60163
942 _cLIB
_2ddc
999 _c51580
_d51580